000
00256 a2200109 4500
001
12607
082
_a
025.0028522VER
090
_c
9619
_d
9619
100
_a
Verma, Kusum
245
_a
Digital Library Preservation Strategies
260
_a
ND
_b
Akansha
942
_a
NUST-CAE
_k
025.0028522VER
999
_c
247680
_d
247680